| 000 | 01820nam a2200445 a 4500 | ||
|---|---|---|---|
| 001 | ebr10649063 | ||
| 003 | CaPaEBR | ||
| 006 | m u | ||
| 007 | cr cn||||||||| | ||
| 008 | 120817s2013 iaua sb 001 0deng d | ||
| 010 | _z 2012031166 | ||
| 020 | _z9781609381516 (pbk alk. paper) | ||
| 020 | _z1609381513 (pbk alk. paper) | ||
| 020 | _z9781609381523 (e-book) | ||
| 040 |
_aCaPaEBR _cCaPaEBR |
||
| 035 | _a(OCoLC)828736048 | ||
| 043 | _an-us--- | ||
| 050 | 1 | 4 |
_aB945.J24 _bH22 2013eb |
| 082 | 0 | 4 |
_a191 _223 |
| 100 | 1 | _aHallman, J. C. | |
| 245 | 1 | 0 |
_aWm & H'ry _h[electronic resource] : _bliterature, love, and the letters between William and Henry James / _cby J. C. Hallman. |
| 246 | 3 | 0 | _aWilliam and Henry |
| 260 |
_aIowa City : _bUniversity of Iowa Press, _c2013. |
||
| 300 |
_axii, 141 p. : _bill. |
||
| 490 | 1 | _aMuse books: the Iowa series in creativity and writing | |
| 504 | _aIncludes bibliographical references and index. | ||
| 533 |
_aElectronic reproduction. _bPalo Alto, Calif. : _cebrary, _d2013. _nAvailable via World Wide Web. _nAccess may be limited to ebrary affiliated libraries. |
||
| 600 | 1 | 0 |
_aJames, William, _d1842-1910 _xFamily. |
| 600 | 1 | 0 |
_aJames, William, _d1842-1910 _vCorrespondence. |
| 600 | 1 | 0 |
_aJames, Henry, _d1843-1916 _xFamily. |
| 600 | 1 | 0 |
_aJames, Henry, _d1843-1916 _vCorrespondence. |
| 650 | 0 |
_aPhilosophers _zUnited States _vCorrespondence. |
|
| 650 | 0 |
_aPsychologists _zUnited States _vCorrespondence. |
|
| 650 | 0 |
_aAuthors, American _y19th century _vCorrespondence. |
|
| 650 | 0 |
_aBrothers _zUnited States _vCorrespondence. |
|
| 655 | 7 |
_aElectronic books. _2local |
|
| 710 | 2 | _aebrary, Inc. | |
| 830 | 0 | _aMuse books. | |
| 856 | 4 | 0 |
_uhttp://site.ebrary.com/lib/rucke/Doc?id=10649063 _zAn electronic book accessible through the World Wide Web; click to view |
| 999 |
_c34836 _d34836 |
||